L' EPOPEE DES JESUITES FRANCAIS EN CHINE (1534-1928) /

Guardat en:
Dades bibliogràfiques
Autor principal: Morant, George Soulie de (autor)
Format: Llibre
Matèries:
Etiquetes: Afegir etiqueta
Sense etiquetes, Sigues el primer a etiquetar aquest registre!

MARC

LEADER 00000nam^a2200000^a^4500
001 000237423
005 20250521000000.0
009 20260310104933.341
035 |a 052803 
037 |a Acervo Xavier Clavigero 
082 |a 255. 5309  |b MOR 
100 |a Morant, George Soulie de  |e (autor) 
245 1 3 |a L' EPOPEE DES JESUITES FRANCAIS EN CHINE (1534-1928) /  |c GEORGE SOULIE DE MORANT 
264 |a París, Francia :  |b Bernard Grasset,  |c 1928 
300 |a 295 p. 
336 |a texto  |b txt  |2 rdacontenido 
337 |a sin mediación  |b n  |2 rdamedio 
338 |a volumen  |b nc  |2 rdasoporte 
649 |a XX 
650 |a Jesuitas Franceses 
650 |a Jesuitas en China 
650 |a Misiones -  |z China 
910 |a Fondo General 
920 |a Impresos - Libros 
930 |a Colección General 
905 |a 101 
901 |a 052803  |b IT1  |c ACC  |i 052803  |u 20250521 
902 |a https://opac.biblio.iteso.mx/vufind/Record/000237423